Statistics for The Last Of Us

Click here to take the quiz!

General Stats

  • This quiz has been taken 3,342 times
  • The average score is 9 of 17

Answer Stats

HintAnswer% Correct
How old is Ellie?14
99%
How many years passed after the initial infection?20
95%
Joel's daughters nameSarah
91%
When hunting what animal does Ellie kill?Deer
89%
What exotic animal do you find in Salt Lake City?Giraffe
77%
What is the craftable knife called?Shiv
71%
What is the name of the large infected that attacks you at the high school gym?Bloater
70%
How many items can you craft?8
67%
Online, what is the maximum number of players on each side?4
61%
What type of building do you kill David in?Restaurant
54%
What's Tommy's wife called?Maria
49%
Who is David's accomplice?James
36%
How many parts is a holster worth?75
31%
On the hunter HUMVEE what is written on the front in white paint?RUN
18%
How many collectible items are in the game?141
6%
What's Henry's rule?We only take what we need
4%
Who writes the letters in the sewers?Ish
2%

Score Distribution

Percentile by Number Answered

Percent of People with Each Score

Your Score History

You have not taken this quiz